000 00516cam a2200193 4500
001 D1210
008 090401t1980 xxu||||| |||| 00| 0 eng d
035 _a(Sirsi) u97601
041 _aeng
050 _a690.24
100 _aBampton, E.
245 _aImproving productivity in the execution of maintenance work
260 _aAscot, Berks
_bThe Chartered Institute of Building
_c1980
300 _a3p. 30cm
350 _a0
490 _aMaintenance Information Service
_v12
942 _n0
948 _c04/03/1997
999 _c98960
_d98960